Official languages of India - Statistics

General Stats
  • This quiz has been taken 444 times
  • The average score is 12 of 22
Answer Stats
Family Language % Correct
Indo-Aryan Hindi
98%
Dravidian Tamil
91%
Indo-Aryan Bengali
89%
Indo-Aryan Urdu
79%
Indo-Aryan Punjabi
78%
Indo-Aryan Gujarati
77%
Indo-Aryan Marathi
69%
Dravidian Telugu
68%
Dravidian Kannada
63%
Indo-Aryan Nepali
61%
Dravidian Malayalam
60%
Indo-Aryan Assamese
54%
Indo-Aryan Kashmiri
46%
Indo-Aryan Odia
44%
Indo-Aryan Sanskrit
38%
Indo-Aryan Sindhi
33%
Indo-Aryan Maithili
29%
Indo-Aryan Konkani
27%
Sino-Tibetian Manipuri
26%
Sino-Tibetian Bodo
16%
Indo-Aryan Dogri
15%
Austroasiatic Santhali
13%
No matching quizzes found
Score Distribution
Percent of People with Each Score
Percentile by Number Answered
Your Score History
You have not taken this quiz